Datum a čas kvízu
20
Celkem bodů
Celkový počet nahraných bodů na tomto kvízu bez doplňovacích otázek.
7.
Pořadí na kvízu
Konečné umístění týmu na tomto kvízu.
Zaznamenané odpovědi
| # | Otázka | Odpověď | Body | Výsledky |
|---|---|---|---|---|
| 1. | Vláda ve středu schválila vzni... | Křivoklátsko | 0 | |
| 2. | Ve čtvrtek vystoupil na konfer... | C) Jak dostat Putina před soud | 0 | |
| 3. | Minulý týden kolovala internet... | A) postrádala typické vlnky na povrchu | 1 | |
| 4. | Dosavadním rozvážkovým službám... | Česká pošta, COOP | 1 | |
| 5. | Která sportovkyně v sobotu uko... | Markéta Davidová | 0 | |
| 6. | Téma o nejpoužívanějších aplik... | Bolt | 0 | |
| 7. | V roce 2024 použilo alespoň je... | 0 | ||
| 8. | Jedna aplikace, ve které jsou... | Duolingo | 0 | |
| 9. | Ve které z těchto zemí jako v... | C | 0 | |
| 10. | Tento Evropan má kratičké příj... | Spotify | 0 |